| 000 | 01414nam a2200313 a 4500 | ||
|---|---|---|---|
| 003 | CO-PeBPR | ||
| 005 | 20260501084112.0 | ||
| 008 | 260415e2024 ck a|||| n||| 00| 0 spa c | ||
| 020 | _a9789585197930 | ||
| 040 | 0 |
_aCO-PeBPR _bspa _cCO-PeBPR _erda |
|
| 041 | 0 | _hspa | |
| 082 | 0 | 4 | _a(i) Co863 T866a |
| 100 | 1 |
_aTrujillo-Urrego, Catalina _eautora |
|
| 245 | 1 | 0 |
_aAgustina y el baúl de las cosas aplazadas _c/ Catalina Trujillo Urrego ; ilustraciones de Sandra de Bedout |
| 250 | _aEdición especial | ||
| 264 | 1 |
_aBogotá, Colombia _b: Fondo de Cultura Económica _c, 2024 |
|
| 300 |
_a[32] páginas sin enumerar _b: ilustraciones a color _c; 24 centímetros |
||
| 336 |
_atexto _btxt _crdacontenido |
||
| 337 |
_asin mediación _bn _2rdamedio |
||
| 338 |
_avolumen _bnc _2rdasoporte |
||
| 490 | _aPlan Nacional de Lectura, Escritura y Oralidad / Ministerio de las Culturas, las Artes y los Saberes. | ||
| 520 | _aA Agustina le gustan muchas cosas... nadar, bailar, escribir. Quiere aprender y hacer de todo. Quiere descubrir el mundo entero. Tomado de la contracubierta del libro. | ||
| 521 | _aRecomendado para un público infantil a partir de los 6 años. | ||
| 650 | 1 | 4 |
_2LEMB _aCuentos infantiles colombianos _ySiglo XXI |
| 650 | 1 | 4 |
_2LEMB _aLiteratura infantil colombiana _ySiglo XXI |
| 650 | 1 | 4 |
_2LEMB _aMiedos infantiles en la literatura |
| 700 | 1 |
_aBedout, Sandra de _eilustradora |
|
| 942 |
_2ddc _cBKINF |
||
| 999 |
_c17834 _d17834 |
||